00777 2200241 4500001002100000005001500021035002500036008004100061082001400102090001700116245012300133260005500256300003600311500004600347650005000393700001000443850001200453007000300465040001700468084001400485990001800499990001800517YOGYA-0209000007257920240507011844 a0010-020900000072579090227s1995 yoi g ind d04223a025.6 aSK 025.6 DOK0 aDOKUMENTASI sistem komputerisasi sirkulasi buku di Perpustakaan Wilayah Daerah Istimewa Yogyakarta /cUsman... [et.al]3 aYogyakarta :bInternational Computer School,c1995 aiii, 219 hlm. :bilus. ;c30 cm aTugas Akhir International Computer School 4aSistem penyimpanan dan temu kembali informasi0 aUsman aYOPDYOGta aYOPDYOGbind a025.6 DOK a36401-PD/A.08 a36401-PD/A.08